书目信息 |
| 题名: |
王政全书
|
|
| 作者: | 张富祥 著 | |
| 分册: | ||
| 出版信息: | 开封 河南大学出版社 2001 |
|
| 页数: | 318页 | |
| 开本: | 20cm | |
| 丛书名: | 元典文化丛书 | |
| 单 册: | ||
| 中图分类: | G122 | |
| 科图分类: | ||
| 主题词: | 文化事业--中国 | |
| 电子资源: | ||
| ISBN: | 7-81041-723-1 | |
| 000 | 00855nam0 2200253 45 | |
| 001 | 0311112257 | |
| 005 | 20031219104121.2 | |
| 010 | @a7-81041-723-1@b精装@dCNY26.00 | |
| 100 | @a20031111d2001 km y0chiy0120 ea | |
| 101 | 0 | @achi |
| 105 | @a z 000yy | |
| 200 | 1 | @a王政全书@AWang Zheng Quan Shu@e《吕氏春秋》与中国文化@E《Lu Shi Chun Qiu》Yu Zhong Guo Wen Hua@f张富祥著@FZhang Fu Xiang Zhu |
| 210 | @a开封@c河南大学出版社@d2001 | |
| 215 | @a318页@d20cm | |
| 225 | @a元典文化丛书@h第三辑@f李振宏主编 | |
| 410 | @12001 @a元典文化丛书 | |
| 410 | @1700 0@a李振宏@ALi Zhen Hong@4主编 | |
| 517 | @a《吕氏春秋》与中国文化@A《Lu Shi Chun Qiu》Yu Zhong Guo Wen Hua | |
| 605 | @a吕氏春秋@x研究 | |
| 606 | 0 | @a文化事业@x中国 |
| 690 | @aG122@v4 | |
| 701 | 0 | @a张富祥@4著 |
| 801 | @aCN@bTSTC@c20031111 | |
| 905 | @a213230@b327924-925@dG122@e43:3(1)@f2 | |
| 王政全书:《吕氏春秋》与中国文化/张富祥著.-开封:河南大学出版社,2001 |
| 318页;20cm.-(元典文化丛书.第三辑/李振宏主编) |
| ISBN 7-81041-723-1(精装):CNY26.00 |
| ● |
| 相关链接 |
|
|
|
|
正题名:王政全书
索取号:G122/43:3(1)
 
预约/预借
| 序号 | 登录号 | 条形码 | 馆藏地/架位号 | 状态 | 备注 |
| 1 | 0327924 | 203279246 | 第四借阅区/ [索取号:G122/43:3(1)] | 在馆 | |
| 2 | 0327925 | 203279255 | 第一样本阅览室/ [索取号:G122/43:3(1)] | 在馆 |